| 000 | 01212cam a2200337 a 4500 | ||
|---|---|---|---|
| 999 |
_c2594 _d2594 |
||
| 001 | .b16287137 | ||
| 003 | OCoLC | ||
| 005 | 20230724142015.0 | ||
| 008 | 080713r20031989nyua j 000 1 eng d | ||
| 020 | _a0689853491 (pbk.) | ||
| 020 | _a9780689853494 (pbk.) : | ||
| 035 | _a(OCoLC)233814437 | ||
| 040 |
_aSISRL _cSISRL _dKH8 |
||
| 042 | _anbic | ||
| 082 | _a823.91 ROS | ||
| 100 | 1 |
_aRosen, Michael, _d1946- _eauthor |
|
| 245 | 1 | 0 |
_aWe're going on a bear hunt / _cretold by Michael Rosen ; illustrated by Helen Oxenbury. |
| 250 | _a1st Aladdin Paperbacks ed. | ||
| 260 |
_aNew York, NY : _bAladdin Paperbacks, _c1989, 2003. |
||
| 300 |
_a1 v. (unpaged) : _bcol. ill. ; _c25 x 28 cm. |
||
| 500 | _aThis edition first published 1989 in Great Britain by Walker Books Ltd, London. | ||
| 520 | _aBrave bear hunters go through grass, a river, mud, and other obstacles before the inevitable encounter with the bear forces a headlong retreat. | ||
| 650 | 1 |
_aBears _vFiction. |
|
| 650 | 1 |
_aHunting _vFiction. |
|
| 650 | 1 | _aPicture books. | |
| 650 | 0 |
_aBears _vJuvenile fiction. |
|
| 650 | 0 |
_aHunting _vJuvenile fiction. |
|
| 700 | 1 |
_aOxenbury, Helen. _eauthor |
|
| 942 |
_2ddc _cFIC |
||